Evropská unie a životní prostředí : Politiky. Strategie. Legislativa

Salvato in:
Dettagli Bibliografici
Autore principale: Kočíková, Pavla (Autore)
Natura: Libro
Lingua:ceco
Pubblicazione: Ostrava : MONTANEX a.s, 1998
Soggetti:
Accesso online:OBSAH
Tags: Aggiungi Tag
Nessun Tag, puoi essere il primo ad aggiungerne!!

MARC

LEADER 00000nam a22000003a 4500
001 stu51832
005 20150617225706.3
008 000128s1998----xr------------------cze-d
020 |a 80-85780-98-4 
040 |a STU  |b slo 
041 0 |a cze 
044 |a xr 
080 |a 339.923(4)+504 
100 1 |a Kočíková, Pavla  |4 aut 
245 1 |a Evropská unie a životní prostředí :  |b Politiky. Strategie. Legislativa 
260 |a Ostrava :  |b MONTANEX a.s,  |c 1998 
300 |a 182 s 
650 7 |a Únia európska  |2 stusub 
650 7 |a prostredie životné  |2 stusub 
856 4 |a https://sweb.mtf.stuba.sk/obsahy/evropska_unie_a_zivotni_prostredi_98  |u https://sweb.mtf.stuba.sk/obsahy/evropska_unie_a_zivotni_prostredi_98  |3 OBSAH 
996 |b 284M000170  |c M*10381-1  |l MMST  |s A  |a 24  |w stu51832_0001